| 000 | 00858nac a22002171u 4500 | ||
|---|---|---|---|
| 020 | _a0749429399 (pbk.) : | ||
| 082 |
_a658.312404 21 _bSHE |
||
| 090 |
_c8401 _d8401 |
||
| 100 | _aSheal, Peter. | ||
| 245 |
_aThe staff development handbook : an action kit to improve performance / _ban action kit to improve performance / _cPeter Sheal. |
||
| 250 | _a2nd ed. | ||
| 260 |
_aLondon : _bKogan Page, 1999. _cc1999. |
||
| 300 |
_a227 p. : _bill. ; _c24 cm. |
||
| 500 | _aPrevious ed.: 1992. | ||
| 500 | _aDistributer: Al-Ahram | ||
| 504 | _aIncludes bibliographical references and index. | ||
| 511 | _aCatalogued by: Sara | ||
| 650 | _aEmployees -- Training of -- Handbooks | ||
| 942 |
_cNB _k658.312404 21 SHE |
||
| 999 |
_c8401 _d8401 |
||